| 000 | 00845nam a2200289 a 4500 | ||
|---|---|---|---|
| 001 | vtls000085184 | ||
| 003 | NLI | ||
| 005 | 20210601195139.0 | ||
| 008 | 101125s1947 enk 000 0 eng | ||
| 020 | _cRs. 20.00 | ||
| 039 | 9 |
_y201011250923 _zVLOAD |
|
| 040 | 0 |
_aNLI _beng _cEntertech-2003 _eAACR2 |
|
| 041 | 1 | _aeng | |
| 044 | _aenk | ||
| 082 | 0 | 4 | _a189.5 |
| 100 | 1 |
_aPfeiffer, Franz _9194581 |
|
| 245 | 1 | 0 |
_aMeister eckhart / _cby Franz Pfeiffer ; translation with some omissions and additions by C. De B. Evans |
| 260 |
_aLondon : _bJohn M. Watkins, _c1947 |
||
| 300 |
_axx, 483 ; _c22 cm. |
||
| 650 | 0 |
_aMysticism _9152504 |
|
| 700 | 1 |
_aEvans, C. De B, _4trl _9194582 |
|
| 887 | _a | ||
| 901 |
_aG19973 _b16.11.1970 |
||
| 902 | _aE189.5 P476 | ||
| 949 |
_AVIRTUAITEM _D10000 _X100 _6GXX000019973ENG |
||
| 942 |
_2ddc _cBKS |
||
| 999 |
_aVIRTUA00 _c90708 _d90708 |
||